| 000 | 01466cam a2200337 i 4500 | ||
|---|---|---|---|
| 001 | 18874823 | ||
| 003 | OSt | ||
| 005 | 20170803172730.0 | ||
| 008 | 151130s2016 nyua b 001 0 eng | ||
| 010 | _a 2015040898 | ||
| 020 | _a9781603292627 (softcover) | ||
| 020 | _z9781603292641 (EPUB) | ||
| 020 | _z9781603292658 (Kindle) | ||
| 040 |
_aDLC _beng _cDLC _erda _dDLC |
||
| 042 | _apcc | ||
| 050 | 0 | 0 |
_aLB2369 _b.M52 2016 |
| 082 | 0 | 0 |
_a808.027 _223 _bMLH |
| 130 | 0 |
_aMLA handbook for writers of research papers. _958278 |
|
| 245 | 1 | 0 |
_aMLA Handbook / _cAssociation of America, Modern Language. |
| 250 | _aEighth edition. | ||
| 300 |
_axiv, 146 pages : _billustrations ; _c23 cm |
||
| 500 | _aPrevious title: MLA handbook for writers of research papers. | ||
| 504 | _aIncludes bibliographical references and index. | ||
| 650 | 0 |
_aReport writing _vHandbooks, manuals, etc. _94073 |
|
| 650 | 0 |
_aResearch _vHandbooks, manuals, etc. _949585 |
|
| 710 | 2 |
_aModern Language Association of America. _938521 |
|
| 776 | 0 | 8 |
_iOnline version: _tMLA Handbook _bEighth edition. _dNew York : The Modern Language Association of America, [2016] _z9781603292641 _w(DLC) 2015047757 |
| 906 |
_a7 _bcbc _corignew _d1 _eecip _f20 _gy-gencatlg |
||
| 942 |
_2ddc _cBOOK |
||
| 999 |
_c40356 _d309976 |
||